[Event "17th EUR-ch"]
[Site "Gjakova KOS"]
[Date "2016.05.19"]
[Round "7.4"]
[White "Vitiugov, Nikita"]
[Black "Zubov, Alexander"]
[Result "1/2-1/2"]
[WhiteElo "2721"]
[BlackElo "2612"]
[EventDate "2016.05.12"]
[PlyCount "67"]

1.e4 e5 2.Bc4 Nf6 3.d3 c6 4.Nf3 d5 5.Bb3 Bb4+ 6.Bd2 Bxd2+ 7.Qxd2 Qd6 8.Qg5
Nbd7 9.exd5 cxd5 10.d4 e4 11.Ne5 O-O 12.Nc3 Nb6 13.f3 Be6 14.Qe3 exf3 15.
gxf3 Nh5 16.Qg5 f6 17.Qxh5 fxe5 18.Qxe5 Qxe5+ 19.dxe5 Rxf3 20.O-O-O Rd8 
21.Nb5 Re3 22.Rde1 Rxe1+ 23.Rxe1 a5 24.c3 Kf8 25.Nd6 Rb8 26.Kd2 Ke7 27.Ke3
Rf8 28.Bc2 Nc4+ 29.Nxc4 dxc4 30.Be4 Bf5 31.Bd5 Be6 32.Be4 Bf5 33.Bd5 Be6 
34.Be4 1/2-1/2

[Event "17th EUR-ch"]
[Site "Gjakova KOS"]
[Date "2016.05.19"]
[Round "7.5"]
[White "Ter-Sahakian, Samvel"]
[Black "Ponomariov, Ruslan"]
[Result "1-0"]
[WhiteElo "2601"]
[BlackElo "2715"]
[EventDate "2016.05.12"]
[PlyCount "143"]

1.e4 c5 2.Nf3 d6 3.Bb5+ Nd7 4.O-O a6 5.Bd3 Ngf6 6.Re1 b5 7.c4 g5 8.Nxg5 
Ne5 9.Be2 bxc4 10.Nc3 Bh6 11.Nf3 Nd3 12.Bxd3 cxd3 13.e5 dxe5 14.Nxe5 Kf8 
15.Qf3 Be6 16.Nxd3 Rg8 17.Ne5 Nd5 18.g3 Rc8 19.d3 Bg7 20.Bg5 f6 21.Ng6+ 
hxg6 22.Rxe6 Nb4 23.Be3 Kf7 24.Qe4 Qd7 25.Rb6 Rgd8 26.Rd1 Nxd3 27.Qc4+ Kf8
28.Rxa6 Qf5 29.Qe4 Qxe4 30.Nxe4 c4 31.Nc5 Nxc5 32.Rxd8+ Rxd8 33.Bxc5 f5 
34.Ra4 Rd1+ 35.Kg2 Rc1 36.Rb4 Kf7 37.a4 c3 38.bxc3 Rxc3 39.Bb6 Ra3 40.a5 
Bc3 41.Rb5 Ra2 42.h4 e5 43.Rc5 Bd4 44.Rc7+ Kf6 45.Rc6+ Kg7 46.Bxd4 exd4 
47.a6 d3 48.Kf3 Kh6 49.Ke3 d2 50.Ke2 Kh5 51.Rf6 d1=Q+ 52.Kxd1 Rxf2 53.Kc1 
Rg2 54.a7 Ra2 55.Rf7 Kg4 56.Kb1 Ra5 57.Rg7 Kxg3 58.h5 Rxa7 59.Rxa7 gxh5 
60.Kc2 h4 61.Kd3 h3 62.Ke2 h2 63.Rg7+ Kh3 64.Rh7+ Kg2 65.Rg7+ Kh3 66.Kf2 
h1=N+ 67.Kf3 Kh2 68.Rg2+ Kh3 69.Rg5 Kh2 70.Rxf5 Kg1 71.Rg5+ Kf1 72.Rg2 1-0

[Event "17th EUR-ch"]
[Site "Gjakova KOS"]
[Date "2016.05.19"]
[Round "7.7"]
[White "Fressinet, Laurent"]
[Black "Berkes, Ferenc"]
[Result "1/2-1/2"]
[WhiteElo "2692"]
[BlackElo "2636"]
[EventDate "2016.05.12"]
[PlyCount "36"]

1.d4 Nf6 2.c4 g6 3.g3 Bg7 4.Bg2 O-O 5.Nc3 d6 6.Nf3 c5 7.dxc5 dxc5 8.Qxd8 
Rxd8 9.Be3 Nc6 10.Bxc5 Nd7 11.Be3 Nb6 12.Nd2 Be6 13.c5 Bxc3 14.bxc3 Na4 
15.Rc1 Bd5 16.Bxd5 Rxd5 17.Nb3 Rad8 18.O-O f6 1/2-1/2

[Event "17th EUR-ch"]
[Site "Gjakova KOS"]
[Date "2016.05.19"]
[Round "7.8"]
[White "Salgado Lopez, Ivan"]
[Black "Cheparinov, Ivan"]
[Result "1/2-1/2"]
[WhiteElo "2618"]
[BlackElo "2685"]
[EventDate "2016.05.12"]
[PlyCount "66"]

1.e4 e5 2.Nf3 Nc6 3.Bb5 Nf6 4.O-O Nxe4 5.Re1 Nd6 6.Nxe5 Be7 7.Bf1 Nxe5 8.
Rxe5 O-O 9.Nc3 Ne8 10.Nd5 Bd6 11.Re1 c6 12.Ne3 Bc7 13.Nf5 d5 14.Ne7+ Kh8 
15.Nxc8 Rxc8 16.d3 Nf6 17.Qf3 Qd7 18.g3 Ng4 19.Bh3 f5 20.d4 Rce8 21.Bf4 
Bxf4 22.Qxf4 g6 23.f3 Nf6 24.Re5 Qd8 25.Rae1 Nd7 26.Rxe8 Rxe8 27.Rxe8+ 
Qxe8 28.Bf1 Qe1 29.Qd6 Qe3+ 30.Kg2 Qd2+ 31.Kh3 Qh6+ 32.Kg2 Qd2+ 33.Kh3 
Qh6+ 1/2-1/2

[Event "17th EUR-ch"]
[Site "Gjakova KOS"]
[Date "2016.05.19"]
[Round "7.9"]
[White "Bartel, Mateusz"]
[Black "Nabaty, Tamir"]
[Result "1-0"]
[WhiteElo "2653"]
[BlackElo "2619"]
[EventDate "2016.05.12"]
[PlyCount "135"]

1.e4 e5 2.Nf3 Nc6 3.Bb5 a6 4.Ba4 Nf6 5.d3 Bc5 6.O-O d6 7.c3 O-O 8.h3 Ne7 
9.d4 Ba7 10.Bc2 Ng6 11.Be3 Re8 12.Nbd2 exd4 13.cxd4 c5 14.dxc5 Bxc5 15.
Bxc5 dxc5 16.Nc4 Qxd1 17.Raxd1 Be6 18.Nd6 Re7 19.Ng5 Ne8 20.Nxe6 fxe6 21.
f4 Rd8 22.Nxe8 Rxd1 23.Rxd1 Rxe8 24.g3 Nf8 25.e5 Rc8 26.Be4 Rc7 27.Rd6 c4 
28.Rb6 c3 29.bxc3 Rxc3 30.Kg2 Re3 31.Bxb7 Re2+ 32.Kf3 Rxa2 33.Bxa6 Ra3+ 
34.Kf2 Nd7 35.Rc6 Nc5 36.Bc4 Ne4+ 37.Ke1 Rxg3 38.Bxe6+ Kf8 39.Ke2 Nc3+ 40.
Kf1 Ke7 41.f5 Re3 42.Rc7+ Kd8 43.Rc5 Ne4 44.Rc8+ Ke7 45.Rc7+ Kf8 46.Rf7+ 
Ke8 47.Rxg7 Nd2+ 48.Kf2 Rxe5 49.Kg3 h6 50.Kg4 Re3 51.Rh7 Kf8 52.Rxh6 Re4+ 
53.Kg5 Nf3+ 54.Kf6 Rh4 55.Rg6 Rh8 56.Bd5 Nd4 57.Rg3 Rh6+ 58.Ke5 Nc6+ 59.
Kf4 Rd6 60.Be6 Ne7 61.Ke5 Rd1 62.f6 Re1+ 63.Kd6 Rd1+ 64.Kc5 Rf1 65.f7 Rc1+
66.Kb5 Rb1+ 67.Kc4 Rc1+ 68.Kb3 1-0

[Event "17th EUR-ch"]
[Site "Gjakova KOS"]
[Date "2016.05.19"]
[Round "7.10"]
[White "Goganov, Aleksey"]
[Black "Ipatov, Alexander"]
[Result "1-0"]
[WhiteElo "2600"]
[BlackElo "2648"]
[EventDate "2016.05.12"]
[PlyCount "73"]

1.d4 Nf6 2.c4 g6 3.Nc3 d5 4.Bg5 Ne4 5.Bh4 Nxc3 6.bxc3 dxc4 7.e3 Be6 8.Be2 
Bg7 9.Nh3 Bxh3 10.gxh3 Nd7 11.Bxc4 O-O 12.Qf3 c6 13.O-O Bf6 14.Bg3 Qa5 15.
e4 e5 16.Rad1 Kg7 17.Qe3 Rae8 18.f4 exd4 19.cxd4 Nb6 20.Bb3 Qf5 21.Rde1 
Qxh3 22.f5 gxf5 23.e5 Kh8 24.Kh1 Nd5 25.Bxd5 cxd5 26.Rf3 Rg8 27.Qf2 Bd8 
28.e6 f6 29.Bh4 Qg4 30.Rf4 Qg6 31.Rxf5 h6 32.Rxd5 Rg7 33.Rxd8 Rxd8 34.Bxf6
Rg8 35.e7 Qh5 36.Bxg7+ Kxg7 37.Qg2+ 1-0

[Event "17th EUR-ch"]
[Site "Gjakova KOS"]
[Date "2016.05.19"]
[Round "7.11"]
[White "Demchenko, Anton"]
[Black "Naer, Evgeny"]
[Result "1/2-1/2"]
[WhiteElo "2589"]
[BlackElo "2681"]
[EventDate "2016.05.12"]
[PlyCount "72"]

1.e4 c5 2.Nf3 d6 3.d4 cxd4 4.Nxd4 Nf6 5.Nc3 a6 6.f3 e5 7.Nb3 Be7 8.Be3 Be6
9.Qd2 Nbd7 10.g4 b5 11.g5 Nh5 12.O-O-O O-O 13.a3 Rc8 14.Kb1 Nb6 15.Na5 Qc7
16.h4 Ng3 17.Rg1 Nxf1 18.Rgxf1 f6 19.gxf6 Rxf6 20.Bg5 Rg6 21.f4 exf4 22.
Bxe7 Qxe7 23.Rxf4 h5 24.Rdf1 Rg4 25.Rxg4 hxg4 26.Rd1 Na4 27.Nd5 Qf7 28.Nb3
Bxd5 29.exd5 Rf8 30.Rg1 Qf4 31.Qd4 Qxd4 32.Nxd4 Rf4 33.Ne6 Re4 34.Ng5 Rf4 
35.Ne6 Re4 36.Ng5 Rf4 1/2-1/2

[Event "17th EUR-ch"]
[Site "Gjakova KOS"]
[Date "2016.05.19"]
[Round "7.12"]
[White "Matlakov, Maxim"]
[Black "Hracek, Zbynek"]
[Result "1/2-1/2"]
[WhiteElo "2693"]
[BlackElo "2598"]
[EventDate "2016.05.12"]
[PlyCount "39"]

1.c4 c5 2.Nf3 Nc6 3.Nc3 e5 4.e3 Nf6 5.d4 e4 6.Ne5 Be7 7.Be2 O-O 8.O-O Re8 
9.b3 cxd4 10.exd4 Qa5 11.Nd5 Nxd5 12.cxd5 Nxe5 13.dxe5 d6 14.Bb2 Bf5 15.e6
fxe6 16.g4 Bg6 17.dxe6 d5 18.f4 exf3 19.Bxf3 Rad8 20.Kh1 1/2-1/2

[Event "17th EUR-ch"]
[Site "Gjakova KOS"]
[Date "2016.05.19"]
[Round "7.13"]
[White "Kunin, Vitaly"]
[Black "Piorun, Kacper"]
[Result "0-1"]
[WhiteElo "2595"]
[BlackElo "2681"]
[EventDate "2016.05.12"]
[PlyCount "115"]

1.d4 Nf6 2.c4 g6 3.Nc3 d5 4.cxd5 Nxd5 5.e4 Nxc3 6.bxc3 Bg7 7.Nf3 c5 8.h3 
O-O 9.Be2 b6 10.O-O Nd7 11.e5 Bb7 12.Qb3 e6 13.Bg5 Qe8 14.Nd2 cxd4 15.cxd4
f6 16.exf6 Nxf6 17.Rae1 Qd7 18.Bc4 Nd5 19.Nf3 Rac8 20.Ne5 Qd6 21.h4 Rf5 
22.Qg3 Rxc4 23.Nxc4 Qxg3 24.fxg3 Rxf1+ 25.Rxf1 Ba6 26.Rc1 Nc3 27.Ne5 Ne2+ 
28.Kf2 Nxc1 29.Bxc1 Bf6 30.Bg5 Bxg5 31.hxg5 Kf8 32.Nd7+ Ke7 33.Nf6 Bc4 34.
a3 h5 35.Ke3 a5 36.Ne4 b5 37.Kd2 Bd5 38.Nc3 Bc6 39.Ne2 Kd6 40.Kd3 e5 41.
Nc3 b4 42.axb4 axb4 43.Nd1 Bd5 44.Nb2 b3 45.Kc3 exd4+ 46.Kxd4 Bxg2 47.Nd3 
Bh3 48.Kc3 Bf5 49.Ne1 Bc2 50.Nf3 Kd5 51.Nh4 Be4 52.Kxb3 Kd4 53.Kb4 Ke3 54.
Kc5 Kf2 55.Kd4 Bb1 56.g4 hxg4 57.Ke5 Kg3 58.Kd4 0-1

[Event "17th EUR-ch"]
[Site "Gjakova KOS"]
[Date "2016.05.19"]
[Round "7.14"]
[White "Korobov, Anton"]
[Black "Prohaszka, Peter"]
[Result "1/2-1/2"]
[WhiteElo "2674"]
[BlackElo "2593"]
[EventDate "2016.05.12"]
[PlyCount "110"]

1.d4 d5 2.Nf3 Nf6 3.c4 c6 4.Nc3 dxc4 5.a4 Bf5 6.e3 e6 7.Bxc4 Bb4 8.O-O 
Nbd7 9.Nh4 O-O 10.f3 Bg6 11.Nxg6 hxg6 12.Qc2 Qa5 13.Rd1 Rac8 14.e4 c5 15.
d5 Bxc3 16.bxc3 exd5 17.Bxd5 Nxd5 18.exd5 c4 19.Ba3 Rfe8 20.Rd4 Re3 21.Bb4
Qa6 22.a5 Rce8 23.d6 Qb5 24.Qf2 Re2 25.Qg3 R8e3 26.h4 Rd3 27.Rd1 Rxd1+ 28.
Rxd1 Qf5 29.Re1 Qd3 30.Rxe2 Qxe2 31.Qg4 Qe1+ 32.Kh2 Qe6 33.Qg5 Qe5+ 34.f4 
Qxg5 35.fxg5 f5 36.gxf6 Nxf6 37.Kg3 Kf7 38.Kf4 Nd5+ 39.Ke4 Nxb4 40.cxb4 b5
41.axb6 axb6 42.b5 Ke6 43.Kd4 Kxd6 44.Kxc4 Ke5 45.Kd3 Kd5 46.Ke3 Kc5 47.
Kf4 Kxb5 48.Kg5 Kc5 49.Kxg6 b5 50.Kxg7 b4 51.h5 b3 52.h6 b2 53.h7 b1=Q 54.
h8=Q Qb2+ 55.Kh7 Qxg2 1/2-1/2

[Event "17th EUR-ch"]
[Site "Gjakova KOS"]
[Date "2016.05.19"]
[Round "7.15"]
[White "Nisipeanu, Liviu-Dieter"]
[Black "Kozul, Zdenko"]
[Result "1-0"]
[WhiteElo "2669"]
[BlackElo "2591"]
[EventDate "2016.05.12"]
[PlyCount "61"]

1.e4 c5 2.Nf3 d6 3.d4 cxd4 4.Nxd4 Nf6 5.Nc3 Nc6 6.Bg5 e6 7.Qd2 a6 8.O-O-O 
Bd7 9.f3 b5 10.Kb1 Be7 11.Be3 Rb8 12.g4 h6 13.Nxc6 Bxc6 14.Ne2 Nd7 15.Nd4 
Ba8 16.h4 Ne5 17.b3 O-O 18.Rg1 Bxh4 19.g5 hxg5 20.Bxg5 Bxg5 21.Rxg5 Qf6 
22.Bh3 Rfe8 23.Rdg1 Ng6 24.Bf5 exf5 25.exf5 Ne7 26.Rxg7+ Kf8 27.Qh2 Nd5 
28.Rxf7+ Qxf7 29.Qxd6+ Re7 30.Qxb8+ Qe8 31.Qd6 1-0

[Event "17th EUR-ch"]
[Site "Gjakova KOS"]
[Date "2016.05.19"]
[Round "7.16"]
[White "Brkic, Ante"]
[Black "Laznicka, Viktor"]
[Result "1-0"]
[WhiteElo "2584"]
[BlackElo "2668"]
[EventDate "2016.05.12"]
[PlyCount "73"]

1.e4 d6 2.d4 Nf6 3.Nc3 e5 4.Nf3 Nbd7 5.Bc4 Be7 6.a4 O-O 7.O-O c6 8.h3 Nxe4
9.Nxe4 d5 10.Re1 exd4 11.Bxd5 cxd5 12.Ng3 d3 13.Qxd3 Nc5 14.Qd1 a5 15.Nd4 
Ra6 16.Bf4 Bf6 17.Be5 Bxe5 18.Rxe5 f6 19.Re1 Re8 20.Rxe8+ Qxe8 21.Nb5 Qd8 
22.Qd4 Ne6 23.Qd2 Nc5 24.Qe3 Rc6 25.Rd1 Ne6 26.Nf5 Rc5 27.c3 Kf8 28.Nfd6 
Qe7 29.Re1 Bd7 30.Nxb7 Rc4 31.Nd4 Rc7 32.Nxa5 Kf7 33.Nxe6 Bxe6 34.Qb6 Rd7 
35.Nc6 Qd6 36.b4 g5 37.b5 1-0

[Event "17th EUR-ch"]
[Site "Gjakova KOS"]
[Date "2016.05.19"]
[Round "7.17"]
[White "Palac, Mladen"]
[Black "Swiercz, Dariusz"]
[Result "1-0"]
[WhiteElo "2577"]
[BlackElo "2656"]
[EventDate "2016.05.12"]
[PlyCount "103"]

1.e4 e5 2.Nf3 Nc6 3.Bb5 a6 4.Ba4 Nf6 5.O-O Be7 6.Re1 b5 7.Bb3 O-O 8.c3 d6 
9.h3 Nb8 10.d4 Nbd7 11.Nbd2 Bb7 12.Bc2 Re8 13.Nf1 Bf8 14.Ng3 g6 15.Bg5 h6 
16.Bd2 Bg7 17.Qc1 Kh7 18.a4 c5 19.d5 c4 20.b4 cxb3 21.Bxb3 Nc5 22.Qa3 Nfd7
23.Be3 Qc7 24.Reb1 Reb8 25.Nd2 Nb6 26.a5 Nbd7 27.Bc2 Bc8 28.Rb4 Bf6 29.c4 
Qd8 30.Nf3 Rb7 31.Nf1 Bg7 32.N1d2 Qf8 33.Rab1 f5 34.cxb5 axb5 35.Rxb5 Rxb5
36.Rxb5 Ba6 37.Rb1 f4 38.Bxc5 Nxc5 39.Nb3 Nb7 40.Qb4 Bf6 41.Ne1 Qc8 42.Bd3
Bd8 43.Rc1 Qd7 44.Bxa6 Rxa6 45.Qc4 Ra7 46.a6 Na5 47.Nxa5 Bxa5 48.Nd3 Qd8 
49.Rb1 Qa8 50.Qc6 Rxa6 51.Rb7+ Kh8 52.Qb5 1-0

[Event "17th EUR-ch"]
[Site "Gjakova KOS"]
[Date "2016.05.19"]
[Round "7.18"]
[White "Grandelius, Nils"]
[Black "Oparin, Grigoriy"]
[Result "1/2-1/2"]
[WhiteElo "2649"]
[BlackElo "2575"]
[EventDate "2016.05.12"]
[PlyCount "82"]

1.c4 e6 2.Nc3 Nf6 3.e4 d5 4.e5 d4 5.exf6 dxc3 6.bxc3 Qxf6 7.d4 b6 8.Bd3 
Bb7 9.Nf3 h6 10.O-O Bxf3 11.Qxf3 Qxf3 12.gxf3 Nd7 13.Be4 Rb8 14.a4 a5 15.
Bc6 Bd6 16.Be3 Ke7 17.Rab1 g5 18.Rb5 Rbd8 19.Rfb1 Nb8 20.Bb7 Nd7 21.Bc6 
Nb8 22.Bb7 Nd7 23.c5 Bf4 24.cxb6 cxb6 25.c4 Rhg8 26.Bc6 Rc8 27.Bxd7 Kxd7 
28.c5 bxc5 29.dxc5 Bc7 30.Bd2 Ra8 31.c6+ Kxc6 32.Rc1+ Kd7 33.Rb7 Rgc8 34.
f4 f6 35.h4 Ra6 36.fxg5 fxg5 37.hxg5 hxg5 38.Bxg5 Rc6 39.Rd1+ Rd6 40.Rxd6+
Kxd6 41.Rb5 Kc6 1/2-1/2

[Event "17th EUR-ch"]
[Site "Gjakova KOS"]
[Date "2016.05.19"]
[Round "7.19"]
[White "Zhigalko, Sergei"]
[Black "Donchenko, Alexander"]
[Result "1/2-1/2"]
[WhiteElo "2647"]
[BlackElo "2569"]
[EventDate "2016.05.12"]
[PlyCount "88"]

1.e4 c6 2.d4 d5 3.e5 Bf5 4.Nf3 e6 5.Be2 Ne7 6.O-O c5 7.dxc5 Nec6 8.Be3 Nd7
9.c4 dxc4 10.Na3 Bxc5 11.Nxc4 O-O 12.Qc1 Bxe3 13.Qxe3 Nb6 14.Nd6 Nd5 15.
Qa3 Bg4 16.Rfe1 Qb6 17.Rac1 Rad8 18.Bf1 Bxf3 19.Nc4 Qd4 20.Qxf3 b5 21.Rcd1
Qc5 22.Na3 a6 23.Rc1 Qb6 24.Nc2 Nde7 25.Qe3 Qxe3 26.Rxe3 Rd2 27.Ra3 Nxe5 
28.Ne3 Rxb2 29.Rxa6 N7g6 30.Nd1 Rb4 31.Rb6 Nc4 32.Rb7 Rc8 33.a3 Rb3 34.a4 
Rd8 35.Rxb5 Rxb5 36.axb5 Nb6 37.Ne3 Ne7 38.g3 Rc8 39.Ra1 Kf8 40.h4 Rb8 41.
Kg2 Nec8 42.Nc2 Nd6 43.Nd4 Rb7 44.Nc6 g6 1/2-1/2

[Event "17th EUR-ch"]
[Site "Gjakova KOS"]
[Date "2016.05.19"]
[Round "7.20"]
[White "Antipov, Mikhail"]
[Black "Kobalia, Mikhail"]
[Result "1/2-1/2"]
[WhiteElo "2576"]
[BlackElo "2646"]
[EventDate "2016.05.12"]
[PlyCount "98"]

1.e4 e5 2.Nf3 Nc6 3.Bb5 Nf6 4.d3 Bc5 5.Bxc6 dxc6 6.Nbd2 O-O 7.Nc4 Nd7 8.
Bd2 Re8 9.Qe2 Bd6 10.O-O-O c5 11.g4 Nb8 12.Ne3 Nc6 13.h4 a5 14.g5 Be6 15.
Rdg1 Qd7 16.h5 Nd4 17.Nxd4 cxd4 18.Ng4 Bxg4 19.Rxg4 Re6 20.f3 Bb4 21.f4 
Rb6 22.f5 Qb5 23.g6 Bxd2+ 24.Kxd2 Qb4+ 25.Kd1 Qxb2 26.gxh7+ Kh8 27.Rhg1 
Qa1+ 28.Kd2 Qc3+ 29.Kc1 Qa3+ 30.Kd2 Rb2 31.Ke1 Qc3+ 32.Qd2 Rxc2 33.Qxc3 
dxc3 34.Rxg7 Rc1+ 35.Ke2 Rxg1 36.Rxg1 b5 37.f6 Ra6 38.Rg8+ Kxh7 39.Rg7+ 
Kh6 40.Rxf7 Rc6 41.Kd1 b4 42.Rf8 Kxh5 43.f7 Kg6 44.Re8 Kxf7 45.Rxe5 Ra6 
46.Kc2 a4 47.Rb5 c5 48.a3 bxa3 49.Kxc3 a2 1/2-1/2

[Event "17th EUR-ch"]
[Site "Gjakova KOS"]
[Date "2016.05.19"]
[Round "7.21"]
[White "Melkumian, Hrant"]
[Black "Can, Emre"]
[Result "1/2-1/2"]
[WhiteElo "2646"]
[BlackElo "2557"]
[EventDate "2016.05.12"]
[PlyCount "146"]

1.d4 d5 2.c4 e6 3.Nc3 c6 4.e4 dxe4 5.Nxe4 Bb4+ 6.Nc3 c5 7.Ne2 Nf6 8.Be3 
Ng4 9.dxc5 Qxd1+ 10.Rxd1 Nxe3 11.fxe3 Bd7 12.a3 Bxc5 13.Nd4 a5 14.Be2 Na6 
15.Bf3 Rb8 16.Kf2 Ke7 17.Rd2 Rhc8 18.Rhd1 Bxd4 19.Rxd4 Rc7 20.Nb5 Bxb5 21.
cxb5 Nc5 22.b6 Rd7 23.Ke2 Rxd4 24.exd4 Na4 25.Rc1 Nxb2 26.d5 Na4 27.Rc7+ 
Kf6 28.dxe6 fxe6 29.Bxb7 Nxb6 30.h4 h6 31.g4 Rd8 32.Rc5 Rd7 33.g5+ hxg5 
34.hxg5+ Ke7 35.Be4 Ra7 36.Kf3 Nd7 37.Rc8 Ne5+ 38.Kf4 Kd6 39.a4 Rf7+ 40.
Kg3 Rc7 41.Ra8 Rc4 42.Ra6+ Kc7 43.Bg2 Rxa4 44.Ra7+ Kb6 45.Rxg7 Rg4+ 46.Kh3
a4 47.Rg8 Kc5 48.Ra8 Kb4 49.Bc6 Ka3 50.g6 Rxg6 51.Bxa4 Kb4 52.Bc2 Rf6 53.
Kg2 Nc4 54.Kg3 Kc3 55.Be4 Kd4 56.Bb7 Ke3 57.Kg4 Ne5+ 58.Kg5 Rf5+ 59.Kh6 
Rf6+ 60.Kg5 Rg6+ 61.Kh5 Rg7 62.Re8 Rxb7 63.Rxe6 Ke4 64.Kg5 Rg7+ 65.Kh6 Rg3
66.Ra6 Kf5 67.Ra5 Rg8 68.Kh7 Rc8 69.Kh6 Re8 70.Rb5 Ra8 71.Kg7 Ra6 72.Kh7 
Kf6 73.Kh6 Nf7+ 1/2-1/2

[Event "17th EUR-ch"]
[Site "Gjakova KOS"]
[Date "2016.05.19"]
[Round "7.23"]
[White "Kravtsiv, Martyn"]
[Black "Svane, Rasmus"]
[Result "1/2-1/2"]
[WhiteElo "2641"]
[BlackElo "2526"]
[EventDate "2016.05.12"]
[PlyCount "73"]

1.Nf3 Nf6 2.g3 c5 3.Bg2 g6 4.c4 Bg7 5.O-O O-O 6.Nc3 d5 7.cxd5 Nxd5 8.Nxd5 
Qxd5 9.d4 cxd4 10.Be3 Qb5 11.Nxd4 Qxb2 12.Qa4 Bd7 13.Qc4 Nc6 14.Rab1 Qa3 
15.Rxb7 Na5 16.Qa6 Bc8 17.Nb3 Bc3 18.Rc1 Bxb7 19.Bxb7 Bb4 20.Bxa8 Nxb3 21.
Qxa3 Bxa3 22.Rc3 Rxa8 23.Rxb3 Bd6 24.Rb7 a5 25.a4 Bb4 26.Rb5 Rc8 27.Bb6 
Rc4 28.Kg2 f6 29.Kf3 Kf7 30.e4 Ke6 31.h3 h5 32.g4 Rc3+ 33.Kg2 hxg4 34.hxg4
Ra3 35.Bxa5 Bd6 36.Bb4 Rxa4 37.Bxd6 1/2-1/2

[Event "17th EUR-ch"]
[Site "Gjakova KOS"]
[Date "2016.05.19"]
[Round "7.24"]
[White "Vocaturo, Daniele"]
[Black "Romanov, Evgeny"]
[Result "1/2-1/2"]
[WhiteElo "2574"]
[BlackElo "2641"]
[EventDate "2016.05.12"]
[PlyCount "48"]

1.e4 e5 2.Nf3 Nc6 3.Bc4 Bc5 4.c3 Nf6 5.d3 a6 6.a4 d6 7.Bg5 h6 8.Bh4 Ba7 9.
Nbd2 Qe7 10.b4 g5 11.Bg3 Nh5 12.Nf1 Be6 13.Bxe6 Qxe6 14.Ne3 Bxe3 15.fxe3 
a5 16.b5 Ne7 17.Nd4 Qg6 18.Nf5 Nxg3 19.Nxg3 f5 20.exf5 Nxf5 21.Nxf5 Qxf5 
22.Rf1 Qe6 23.Qh5+ Ke7 24.Kf2 e4 1/2-1/2

[Event "17th EUR-ch"]
[Site "Gjakova KOS"]
[Date "2016.05.19"]
[Round "7.25"]
[White "Hovhannisyan, Robert"]
[Black "Stocek, Jiri"]
[Result "1-0"]
[WhiteElo "2632"]
[BlackElo "2531"]
[EventDate "2016.05.12"]
[PlyCount "77"]

1.e4 Nf6 2.e5 Nd5 3.d4 d6 4.Nf3 dxe5 5.Nxe5 c6 6.Nc3 Nd7 7.Nxd5 Nxe5 8.Ne3
Nd7 9.Bc4 e6 10.O-O Be7 11.a4 a5 12.c3 O-O 13.Qf3 Nf6 14.Re1 Bd7 15.Ng4 
Nxg4 16.Qxg4 Rc8 17.Bf4 Re8 18.Be5 Bf6 19.Rad1 c5 20.dxc5 Bxe5 21.Rxe5 Qf6
22.Rde1 Bxa4 23.Rxe6 Bd7 24.Rxe8+ Rxe8 25.Rxe8+ Bxe8 26.Qc8 Qe7 27.h4 Qe1+
28.Kh2 Qe5+ 29.g3 Qe1 30.Bb5 Kf8 31.Kg2 Qe4+ 32.f3 Qe6 33.Qxe6 fxe6 34.
Bxe8 Kxe8 35.Kf2 Kd7 36.Ke3 Kc6 37.Kd4 a4 38.Kc4 h5 39.g4 1-0

[Event "17th EUR-ch"]
[Site "Gjakova KOS"]
[Date "2016.05.19"]
[Round "7.26"]
[White "Bortnyk, Olexandr"]
[Black "Onischuk, Vladimir"]
[Result "1-0"]
[WhiteElo "2565"]
[BlackElo "2628"]
[EventDate "2016.05.12"]
[PlyCount "97"]

1.e4 d6 2.d4 Nf6 3.Nc3 g6 4.Be3 c6 5.Qd2 b5 6.f3 Qc7 7.g4 h5 8.g5 Nfd7 9.
d5 a6 10.dxc6 Nxc6 11.Nd5 Qb7 12.a4 b4 13.Bd4 Rg8 14.O-O-O Nxd4 15.Qxd4 e6
16.Ne3 Qc6 17.Nc4 Qxa4 18.Kb1 Qc6 19.Ne2 a5 20.Nc1 Qc5 21.Qxc5 Nxc5 22.
Nxd6+ Bxd6 23.Rxd6 Bd7 24.Bc4 Ke7 25.Rhd1 Rgc8 26.R6d4 Bc6 27.Nd3 Nd7 28.
f4 Rd8 29.f5 gxf5 30.exf5 exf5 31.Re1+ Kf8 32.Rf4 Nb6 33.Bxf7 Kxf7 34.Ne5+
Kg7 35.Nxc6 Rf8 36.Re7+ Kg8 37.Rd4 Rae8 38.Rb7 f4 39.Ne7+ Rxe7 40.Rxe7 f3 
41.Rd1 Nc4 42.Rdd7 Rc8 43.g6 a4 44.Ka2 Ra8 45.Rg7+ Kh8 46.Rh7+ Kg8 47.
Rdg7+ Kf8 48.Rc7 b3+ 49.cxb3 1-0

[Event "17th EUR-ch"]
[Site "Gjakova KOS"]
[Date "2016.05.19"]
[Round "7.27"]
[White "Kovalev, Vladislav"]
[Black "Oleksiyenko, Mykhaylo"]
[Result "1/2-1/2"]
[WhiteElo "2562"]
[BlackElo "2622"]
[EventDate "2016.05.12"]
[PlyCount "54"]

1.e4 c6 2.d4 d5 3.Nc3 g6 4.h3 Bg7 5.Nf3 Nf6 6.Bd3 dxe4 7.Nxe4 Nxe4 8.Bxe4 
Nd7 9.O-O O-O 10.c3 c5 11.Bg5 cxd4 12.Nxd4 h6 13.Bh4 Nc5 14.Bc2 Qc7 15.Qe2
e5 16.Nb5 Qb6 17.Be7 Re8 18.Bxc5 Qxc5 19.Rad1 Be6 20.Nd6 Re7 21.Bb3 Qb6 
22.Qc2 Bxb3 23.axb3 Rd8 24.Nc4 Qc7 25.Ne3 Red7 26.Rxd7 Rxd7 27.Rd1 Qd8 
1/2-1/2

[Event "17th EUR-ch"]
[Site "Gjakova KOS"]
[Date "2016.05.19"]
[Round "7.28"]
[White "Lupulescu, Constantin"]
[Black "Neverov, Valeriy"]
[Result "1-0"]
[WhiteElo "2620"]
[BlackElo "2498"]
[EventDate "2016.05.12"]
[PlyCount "97"]

1.d4 d5 2.c4 e6 3.Nc3 Be7 4.Bf4 Nf6 5.e3 O-O 6.a3 b6 7.cxd5 exd5 8.Bd3 c5 
9.Nge2 Bb7 10.O-O Nbd7 11.h3 a6 12.Rc1 Re8 13.Bb1 Rc8 14.Qd2 Bf8 15.Rfd1 
c4 16.f3 b5 17.Ng3 Qb6 18.Qf2 a5 19.Nf5 b4 20.axb4 axb4 21.Ne2 g6 22.Nh6+ 
Kg7 23.Ng3 Re7 24.Re1 Kh8 25.e4 Ng8 26.Ng4 Ngf6 27.Nh6 Ng8 28.Ng4 Ngf6 29.
e5 Nxg4 30.hxg4 f6 31.Be3 Bg7 32.f4 Rf8 33.Qd2 fxe5 34.dxe5 Qe6 35.Qxb4 d4
36.Bd2 Qxg4 37.Ne4 Ref7 38.e6 Ne5 39.exf7 Nf3+ 40.Kf2 Nh4 41.Rg1 Rxf7 42.
Rxc4 Bxe4 43.Bxe4 Rxf4+ 44.Bxf4 Qxf4+ 45.Bf3 Qe3+ 46.Kf1 h5 47.Qe1 Qd3+ 
48.Qe2 Qb3 49.Be4 1-0

[Event "17th EUR-ch"]
[Site "Gjakova KOS"]
[Date "2016.05.19"]
[Round "7.29"]
[White "Tari, Aryan"]
[Black "Bok, Benjamin"]
[Result "1/2-1/2"]
[WhiteElo "2558"]
[BlackElo "2614"]
[EventDate "2016.05.12"]
[PlyCount "39"]

1.d4 d5 2.Nf3 Nf6 3.c4 e6 4.Nc3 c6 5.Bg5 h6 6.Bxf6 Qxf6 7.e3 g6 8.Be2 Bg7 
9.O-O O-O 10.e4 dxe4 11.Nxe4 Qf4 12.Qc2 c5 13.dxc5 Na6 14.Rad1 Qc7 15.Nd4 
Nxc5 16.Nb5 Qe5 17.Nxc5 Qxc5 18.a3 a5 19.Bf3 Rb8 20.Rd2 1/2-1/2

[Event "17th EUR-ch"]
[Site "Gjakova KOS"]
[Date "2016.05.19"]
[Round "7.30"]
[White "Petrosian, Manuel"]
[Black "Pashikian, Arman"]
[Result "1/2-1/2"]
[WhiteElo "2480"]
[BlackElo "2612"]
[EventDate "2016.05.12"]
[PlyCount "31"]

1.Nf3 d5 2.g3 g6 3.Bg2 Bg7 4.d4 Nf6 5.c4 c6 6.cxd5 cxd5 7.Nc3 O-O 8.Ne5 e6
9.O-O Bd7 10.Bg5 Qb6 11.Qd2 Bc6 12.Rac1 Nfd7 13.Nf3 Nf6 14.Ne5 Nfd7 15.Nf3
Nf6 16.Ne5 1/2-1/2

[Event "17th EUR-ch"]
[Site "Gjakova KOS"]
[Date "2016.05.19"]
[Round "7.31"]
[White "Andriasian, Zaven"]
[Black "Basso, Pier Luigi"]
[Result "1/2-1/2"]
[WhiteElo "2602"]
[BlackElo "2454"]
[EventDate "2016.05.12"]
[PlyCount "127"]

1.e4 c6 2.d4 d5 3.e5 Bf5 4.h4 h5 5.Bd3 Bxd3 6.Qxd3 Qa5+ 7.Nd2 Qa6 8.c4 e6 
9.Ngf3 Ne7 10.O-O Nf5 11.Qc3 Nd7 12.b3 Be7 13.g3 O-O 14.Bb2 Rac8 15.c5 b6 
16.b4 Qa4 17.Rfc1 bxc5 18.bxc5 Rb8 19.Nb3 Rb5 20.Qd2 Rfb8 21.Bc3 Bd8 22.
Kg2 Qa6 23.Qd1 g6 24.Ne1 Qc8 25.Nd3 a5 26.Nd2 Qa6 27.a4 R5b7 28.Nf4 Nxe5 
29.dxe5 d4 30.Ne4 dxc3 31.Rxc3 Rb4 32.Qe1 Rd4 33.Rd1 Rbb4 34.Rcd3 Rxa4 35.
Qc3 Qc4 36.Rxd4 Nxd4 37.Qxc4 Rxc4 38.Nd2 Rc3 39.Ne4 Rc4 40.Ne2 Nxe2 41.
Rxd8+ Kg7 42.Nf6 Nc3 43.Ne8+ Kh7 44.Nf6+ Kg7 45.Rg8+ Kh6 46.Rh8+ Kg7 47.
Rg8+ Kh6 48.Ne8 Kh7 49.Rg7+ Kh8 50.Rxf7 Nd5 51.Ra7 Rxc5 52.Ng7 Nc3 53.Nxe6
Rxe5 54.Nf4 Rc5 55.Nxg6+ Kg8 56.f3 a4 57.g4 hxg4 58.fxg4 Rc4 59.Kg3 Ne4+ 
60.Kf4 Nf2+ 61.Kg5 Rc5+ 62.Kf4 Rc4+ 63.Kg5 Rc5+ 64.Kf4 1/2-1/2

[Event "17th EUR-ch"]
[Site "Gjakova KOS"]
[Date "2016.05.19"]
[Round "7.32"]
[White "Moroni, Luca jr"]
[Black "Parligras, Mircea-Emilian"]
[Result "0-1"]
[WhiteElo "2438"]
[BlackElo "2599"]
[EventDate "2016.05.12"]
[PlyCount "62"]

1.c4 e6 2.Nc3 d5 3.d4 Nf6 4.cxd5 exd5 5.Bg5 c6 6.e3 Be7 7.Bd3 Nbd7 8.Nge2 
Nh5 9.Bxe7 Qxe7 10.Qc2 g6 11.a3 Nb6 12.O-O O-O 13.b4 a6 14.Nc1 Ng7 15.Nb3 
Bf5 16.Rfe1 Bxd3 17.Qxd3 f5 18.a4 Ne8 19.Nc5 Nd6 20.f3 Rae8 21.b5 a5 22.
bxc6 bxc6 23.Rab1 Nbc4 24.e4 fxe4 25.fxe4 Qh4 26.Re2 Re7 27.Rbe1 Rff7 28.
g3 Qh3 29.exd5 Rf2 30.Rxf2 Rxe1+ 31.Rf1 Ne3 0-1

[Event "17th EUR-ch"]
[Site "Gjakova KOS"]
[Date "2016.05.19"]
[Round "7.33"]
[White "Makolli, Perparim"]
[Black "Ragger, Markus"]
[Result "0-1"]
[WhiteElo "2261"]
[BlackElo "2696"]
[EventDate "2016.05.12"]
[PlyCount "114"]

1.e4 c5 2.Nf3 d6 3.d4 cxd4 4.Nxd4 Nf6 5.Nc3 a6 6.a4 e5 7.Nf3 Be7 8.Bg5 O-O
9.Bxf6 Bxf6 10.Nd5 Nc6 11.c3 g6 12.a5 Rb8 13.b4 Bg7 14.Bc4 Kh8 15.h4 h6 
16.Qd3 Be6 17.Rd1 f5 18.Nd2 Ne7 19.Nb6 d5 20.exd5 e4 21.Qh3 Bg8 22.O-O Qd6
23.Nb3 Nc8 24.Na4 Qe7 25.Nbc5 Nd6 26.Be2 Bf6 27.Qe3 Kg7 28.g3 Rbe8 29.Nb6 
Bxh4 30.gxh4 f4 31.Qd4+ Kh7 32.Bg4 f3 33.Ne6 Rf4 34.Nxf4 Qxh4 35.Bxf3 exf3
36.Ne6 Qe7 37.Qf4 Nf5 38.Qc7 Qxc7 39.Nxc7 Re4 40.Rd4 Nxd4 41.cxd4 Rxd4 42.
Kh2 g5 43.Re1 Bf7 44.Re7 Kg6 45.Re3 g4 46.Kg3 h5 47.Ne6 Rd1 48.Kf4 Rd2 49.
Kg3 Kf5 50.Nc8 Kf6 51.Nb6 Kf5 52.Ng7+ Kg5 53.Ne6+ Bxe6 54.dxe6 h4+ 55.Kh2 
g3+ 56.Kh3 gxf2 57.Rxf3 Rd3 0-1